| 000 | 00804nam a22002177a 4500 | ||
|---|---|---|---|
| 999 |
_c1507 _d1507 |
||
| 003 | AR-CdUCM | ||
| 008 | 190227b ||||| |||| 00| 0 spa d | ||
| 040 |
_aMUNICIPALIDAD PROVINCIAL DEL CUSCO _cBIBLIOTECA MUNICIPAL DEL CUSCO |
||
| 082 |
_a370.12 / _bB85 |
||
| 100 |
_aBrubacher, John S. _95703 |
||
| 245 | _aFilosofías modernas de la educación / | ||
| 260 |
_aMéxico, D. F : _bLetras S.A.; _c1964. |
||
| 300 |
_a383 paginas ; _c22 cm. |
||
| 505 | _aEl papel de la filosofía de la educación -- Naturaleza de la naturaleza humana -- Valores de la educación -- Política y educación -- El estado y la educación ... | ||
| 650 |
_aEducación _9460 |
||
| 650 |
_aFilosofía. _9395 |
||
| 650 |
_aConocimiento _95704 |
||
| 650 |
_aValores _95705 |
||
| 942 |
_2ddc _cLIBROS |
||
| 945 |
_arum _d2019-02-27 |
||